000 00412nam a2200157Ia 4500
008 230917s9999||||xx |||||||||||||| ||und||
020 _cRS15
040 _e3912
_aMAIN
041 _aEnglish
082 _a320.947 K178O
100 _aKaviraj, Narahari
245 0 _aOctober revolution and national liberation movement fo a new type
260 _aCalcutta
_bK P Bagcgi
_c1978
300 _a81 p.
942 _cBK
999 _c201894
_d201894